000 00633nam a2200217 a 4500
005 20240228064312.0
008 171009s2000 mx r 000 0 spa d
020 _a8430558365
035 _aUPN01000220761
049 _aI
050 4 _aTX560 S9
_bC3.2
100 1 _aCancio Barón, Eloísa
_938890
245 1 3 _aEl azúcar /
_cEloísa Cancio ; il. Silvina Sokolovsky.
260 _aMadrid :
_bSusaeta,
_c[200-?].
300 _a29 p. :
_bil. col.
440 0 _a¿Cómo se hace...?
650 4 _aAZUCAR -
_vLITERATURA INFANTIL
_926238
650 4 _aLibros y lectura para niños
_92290
905 _aInfantil
999 _c192860
_d192860